Influence of Economical and Marketing Environment to the Effectiveness of Investment of Mining Business

Salvato in:
Dettagli Bibliografici
Autore principale: Seňová, Andrea
Altri autori: Antošová, Mária, 1965-, Čulková, Katarína
Natura: Capitolo di libro
Lingua:inglese
Tags: Aggiungi Tag
Nessun Tag, puoi essere il primo ad aggiungerne!!

MARC

LEADER 00000naa$a2200000$$$4500
001 0307600
005 20250312095817.9
041 0 |a eng 
044 |a BG 
245 1 0 |a Influence of Economical and Marketing Environment to the Effectiveness of Investment of Mining Business  |c Andrea Seňová, Mária Antošová, Katarína Čulková 
100 1 |a Seňová, Andrea 
700 1 |a Antošová, Mária, 1965- 
700 1 |a Čulková, Katarína